00856cam a22002291 4500001001300000003000400013005001700017008004100034010001700075025001900092035002000111040001800131042001200149050001900161110004500180245016600225260002300391300001800414500001700432650003100449740014600480sa 65008296 DLC20260227112155.0861103s1964 ii 000 0 eng  asa 65008296  aPL480:I-E-4419 a(OCoLC)14628777 aDLCcWaUdDLC apremarc00aHE1783.I4bA491 aIndia (Republic).bRailway Inspectorate.10aRailway accidents;breport on derailment of no. 6 down north bank express train between Sivok and Gulma stations, Northeast Frontier Railway, on 19th April 1961. a[New Delhi,c1964] a14 p.c33 cm. aCover title. 0aRailroad accidentszIndia.0 aReport on derailment of no. 6 down north bank express train between Sivok and Gulma stations, Northeast Frontier Railway, on 19th April 1961.